000 00620nam a2200181Ia 4500
008 151202s9999||||xx |||||||||||||| ||und||
082 _bPNVM-74854
100 _aराजे गौरी हेमंत.
245 _aश्रीमद्भागवत.
260 _b"प्राजक्त प्रकाशन,पुणे."
260 _c74854
300 _a188
600 _aराजे गौरी हेमंत.
630 _aश्रीमद्भागवत.
700 _aराजे गौरी हेमंत.
730 _aश्रीमद्भागवत.
942 _cBOOK
999 _c1341514
_d1341511